书目信息 |
| 题名: |
宏观经济统计分析
|
|
| 作者: | 赵彦云 主编 | |
| 分册: | ||
| 出版信息: | 北京 中国人民大学出版社 1999.09 |
|
| 页数: | 393页 | |
| 开本: | 20cm | |
| 丛书名: | ||
| 单 册: | ||
| 中图分类: | F222.33 | |
| 科图分类: | ||
| 主题词: | 宏观经济--hong guan jing ji--经济统计--统计分析--高等学校--教材 | |
| 电子资源: | ||
| ISBN: | 7-300-03206-0 | |
| 000 | 00855nam0 2200229 450 | |
| 001 | 0561124406 | |
| 005 | 20060119145653.29 | |
| 010 | @a7-300-03206-0@dCNY17.00 | |
| 100 | @a20060119d1999 km y0chiy0120 ea | |
| 101 | 0 | @achi |
| 102 | @aCN@b110000 | |
| 105 | @aa z 000yy | |
| 200 | 1 | @a宏观经济统计分析@Ahong guan jing ji tong ji fen xi@f赵彦云主编@Fzhao yan yun zhu bian |
| 210 | @a北京@c中国人民大学出版社@d1999.09 | |
| 215 | @a393页@c图@d20cm | |
| 300 | @a普通高等教育"九五"国家教委重点教材 | |
| 330 | @a宏观经济统计分析属于实证经济学范畴。在宏观经济统计分析中,我们不仅注重总量与结构的分析内容,而且强调国民经济循环过程的综合分析内容。 | |
| 606 | 0 | @a宏观经济@Ahong guan jing ji@x经济统计@x统计分析@x高等学校@x教材 |
| 690 | @aF222.33@v4 | |
| 701 | 0 | @a赵彦云@Azhao yan yun@4主编 |
| 801 | 0 | @aCN@bQSSK@c20060119 |
| 905 | @a10447@dF222.33@eZ348 | |
| 宏观经济统计分析/赵彦云主编.-北京:中国人民大学出版社,1999.09 |
| 393页:图;20cm |
| 普通高等教育"九五"国家教委重点教材 |
| ISBN 7-300-03206-0:CNY17.00 |
| 宏观经济统计分析属于实证经济学范畴。在宏观经济统计分析中,我们不仅注重总量与结构的分析内容,而且强调国民经济循环过程的综合分析内容。 |
| ● |
| 相关链接 |
|
|
|
正题名:宏观经济统计分析
索取号:F222.33/Z348
 
预约/预借
| 序号 | 登录号 | 条形码 | 馆藏地/架位号 | 状态 | 备注 |
| 1 | 579990 | 205799901 | 社科库409/409社科库 72排3列4层/ [索取号:F222.33/Z348] | 在馆 | |
| 2 | 579991 | 205799910 | 社科库409/409社科库 72排3列4层/ [索取号:F222.33/Z348] | 在馆 | |
| 3 | 579992 | 205799929 | 社科库409/409社科库 72排3列4层/ [索取号:F222.33/Z348] | 在馆 |